<?xml version="1.0" encoding="UTF-8"?><?xml-stylesheet type="text/xsl" href="static/style.xsl"?><OAI-PMH xmlns="http://www.openarchives.org/OAI/2.0/" xmlns:xsi="http://www.w3.org/2001/XMLSchema-instance" xsi:schemaLocation="http://www.openarchives.org/OAI/2.0/ http://www.openarchives.org/OAI/2.0/OAI-PMH.xsd"><responseDate>2026-04-29T04:52:22Z</responseDate><request verb="GetRecord" identifier="oai:repisalud.isciii.es:20.500.12105/7019" metadataPrefix="marc">https://repisalud.isciii.es/rest/oai/request</request><GetRecord><record><header><identifier>oai:repisalud.isciii.es:20.500.12105/7019</identifier><datestamp>2024-09-27T09:36:17Z</datestamp><setSpec>com_20.500.12105_19604</setSpec><setSpec>com_20.500.12105_2051</setSpec><setSpec>col_20.500.12105_19605</setSpec></header><metadata><record xmlns="http://www.loc.gov/MARC21/slim" xmlns:dcterms="http://purl.org/dc/terms/" xmlns:doc="http://www.lyncode.com/xoai" xmlns:xsi="http://www.w3.org/2001/XMLSchema-instance" xsi:schemaLocation="http://www.loc.gov/MARC21/slim http://www.loc.gov/standards/marcxml/schema/MARC21slim.xsd">
   <leader>00925njm 22002777a 4500</leader>
   <datafield ind2=" " ind1=" " tag="042">
      <subfield code="a">dc</subfield>
   </datafield>
   <datafield ind2=" " ind1=" " tag="720">
      <subfield code="a">Fernandez-Jimenez, Rodrigo</subfield>
      <subfield code="e">author</subfield>
   </datafield>
   <datafield ind2=" " ind1=" " tag="720">
      <subfield code="a">Latina, Jacqueline</subfield>
      <subfield code="e">author</subfield>
   </datafield>
   <datafield ind2=" " ind1=" " tag="720">
      <subfield code="a">Hajjar, Roger</subfield>
      <subfield code="e">author</subfield>
   </datafield>
   <datafield ind2=" " ind1=" " tag="720">
      <subfield code="a">Fuster, Valentin</subfield>
      <subfield code="e">author</subfield>
   </datafield>
   <datafield ind2=" " ind1=" " tag="720">
      <subfield code="a">Wang, Thomas</subfield>
      <subfield code="e">author</subfield>
   </datafield>
   <datafield ind2=" " ind1=" " tag="720">
      <subfield code="a">Blot, William</subfield>
      <subfield code="e">author</subfield>
   </datafield>
   <datafield ind2=" " ind1=" " tag="260">
      <subfield code="c">2018-03</subfield>
   </datafield>
   <datafield ind2=" " ind1=" " tag="520">
      <subfield code="a">Background: There are little data on the role of aspirin for primary prevention of cardiovascular disease (CVD) in racial groups. Our objective was to study the association between aspirin use patterns and CVD incidence by race in the Southern Community Cohort Study.&#xd;
Methods: A total of 44,177 adults (mean age 52.2 ± 8.6 years, 66.6% female, 67.4% blacks and 32.6% whites) with no history of CVD enrolled from 2002 through 2009 were followed for a median of 9.2 years. At cohort entry, the simplified 10-year Framingham risk was calculated, and data related to aspirin use and other socioeconomic covariates collected. Race-specific adjusted odds ratios (aOR) for aspirin use and hazard ratios (aHR) for first major adverse cardiac event (MACE) were estimated by using multivariate logistic and Cox regression models.&#xd;
Results: Blacks were less likely to take aspirin as compared to whites (aOR 0.80; 95% CI 0.76-0.84). Incidence rates of MACE were 8.23 (95% CI 7.73-8.75) vs. 6.85 (95% CI 6.55-7.17) per 1000 person-year in whites and blacks, respectively. Overall, aspirin use was associated with increased MACE (aHR 1.22; 95%&#xd;
CI 1.12-1.33). Notably, in the group of high risk individuals aged 50 to 69 years, aspirin use was associated with significantly increased first MACE in blacks, especially in women, but not in whites (Table).&#xd;
Conclusion: Blacks were less likely to take aspirin for primary prevention of CVD. Aspirin use was associated with an increased incidence of MACE, more so in blacks than whites in this high-risk population.</subfield>
   </datafield>
   <datafield ind1="8" ind2=" " tag="024">
      <subfield code="a">J Am Coll Cardiol. 2018; 71(11):Supplement, page A1892</subfield>
   </datafield>
   <datafield ind1="8" ind2=" " tag="024">
      <subfield code="a">0735-1097</subfield>
   </datafield>
   <datafield ind1="8" ind2=" " tag="024">
      <subfield code="a">http://hdl.handle.net/20.500.12105/7019</subfield>
   </datafield>
   <datafield ind1="8" ind2=" " tag="024">
      <subfield code="a">10.1016/S0735-1097(18)32433-1</subfield>
   </datafield>
   <datafield ind1="8" ind2=" " tag="024">
      <subfield code="a">Journal of the American College of Cardiology</subfield>
   </datafield>
   <datafield tag="653" ind2=" " ind1=" ">
      <subfield code="a">Aspirin</subfield>
   </datafield>
   <datafield tag="653" ind2=" " ind1=" ">
      <subfield code="a">Prevention</subfield>
   </datafield>
   <datafield tag="653" ind2=" " ind1=" ">
      <subfield code="a">Racial disparities</subfield>
   </datafield>
   <datafield ind2="0" ind1="0" tag="245">
      <subfield code="a">Low Dose Aspirin for Primary Prevention of Cardiovascular Disease: Use Patterns and Impact Across Race in the Southern Community Cohort Study</subfield>
   </datafield>
</record></metadata></record></GetRecord></OAI-PMH>